A fiatal kutatóknak itthon nincs perspektívájuk. Napfénnyel tisztitják a talajt
Elmentve itt :
| Dokumentumtípus: | Cikk |
|---|---|
| Megjelent: |
2000-07-19
|
| Sorozat: | Délmagyarország
90 No. 167 |
| Kulcsszavak: | Kolloidkémiai Tanszék |
| Online Access: | http://dmarchiv.bibl.u-szeged.hu/80944 |
| LEADER | 00464nab a2200145 i 4500 | ||
|---|---|---|---|
| 001 | delm80944 | ||
| 005 | 20191028152049.0 | ||
| 008 | 191028s2000 hu o 0|| hun d | ||
| 040 | |a SZTE Délmagyarország Archívum |b hun | ||
| 041 | |a hun | ||
| 245 | 0 | 2 | |a A fiatal kutatóknak itthon nincs perspektívájuk. Napfénnyel tisztitják a talajt |h [elektronikus dokumentum] |
| 260 | |c 2000-07-19 | ||
| 300 | |a 10 | ||
| 490 | 0 | |a Délmagyarország |v 90 No. 167 | |
| 695 | |a Kolloidkémiai Tanszék | ||